000 00488nam a2200181Ia 4500
005 20250326123918.0
008 250326s9999 xx 000 0 und d
037 _aTextbook
040 _aFMSL
_beng
_cFMSL
041 _aeng
_2eng
084 _aSNIobX:8 K8
_qFMSL
100 _aGellerman S W
_9736370
245 0 _aManagement by motivation
_cGellerman S W
260 _aUSA
_bUSA, AMA
_c1968
300 _a286p
942 _cTB
_hSNIobX:8 K8
999 _c1271439
_d1271439